Hola, Mister!. El fútbol por dentro

Saved in:
Bibliographic Details
Main Author: Scopelli, Alejandro (Author)
Format: Book
Language:Spanish
Published: Barcelona Juventud 1957
Subjects:
Tags: Add Tag
No Tags, Be the first to tag this record!

MARC

LEADER 00000nam a2200000 a 4500
001 UCU0930
003 CL-VaPUC
008 960329e19570000SP |||||||||||||||||spa|d
082 0 4 |a 796.334  |b SCO  |2 21 
100 0 |a Scopelli, Alejandro  |e author  |9 356432 
245 1 0 |a Hola, Mister!. El fútbol por dentro 
300 |a 288 p 
942 |c BK 
945 |d 19960329 00:00:00  |a cmena 
260 |a Barcelona  |b Juventud  |c 1957 
650 7 |a DEPORTE  |2 CL-VaPUC  |9 356433 
650 0 |a Fútbol  |9 307513 
650 7 |a EJERCICIO  |2 CL-VaPUC  |9 310040 
650 7 |a ENTRENADORES DEPORTIVOS  |2 CL-VaPUC  |9 356434 
650 7 |a JUEGOS DE PELOTA  |2 CL-VaPUC  |9 340284 
583 |a last modification  |c 19960329 00:00:00  |k Rodrigo Vera 
999 |c 245706  |d 245704 
952 |0 0  |1 0  |4 0  |6 796_334000000000000_SCO_1957  |7 0  |8 P  |9 260295  |a BIBEDU  |b BIBEDU  |c BIBEDU_PB  |d 2019-11-19  |i 1638971  |o 796.334 SCO 1957  |p 1638971  |r 2024-01-25  |w 2019-11-19  |y BK  |k EDU